1089 1350 1277 1441 1224 1465 1843 1099 1699 1916 1573 1479 1063 1168 1917 1768 1490 1167 1364 1617 1530 1617 1873 1639 1997 1594 1816 1635 1814 1818 1954 1737 1704 1210 1512 1656 1909 1414 1991 1352 1607 1557 1019 1302 1995 1565 1705 1391 1205 1477 1428 1759 1407 1117 1225 1385 1416 1256 1132 1269 1678 1075 1135 1792 1067 1057 1402 1832 1989 1206 1419 1047 1533 1271 1861 1794 1375 1921 1336 1851 1982 1900 1724 1192 1681 1927 1991 1937 1277 1189 1749 1676 1853 1634 1309 1592 1391 1674 1223 BCNSPRNW ULIB Ver.6.0+V

เปลี่ยนเป็นภาษาไทย

Change to English
 แสดงรายละเอียดบรรณานุกรม
  กลับหน้าหลัก

Brief Record : Get Marc (ISO 2709) : E-mail record : QR code < ปิดหน้าต่าง
LEADER : 00000nam 2200000uu 4500
001    13399110870
003     ULIB
008    110610s2542||||th 000 0 tha d
020    9744150769
060 04 WS280^bว436ก 2542
245 00 การสำรวจความรู้และพฤติกรรมของชุมชนในการดูแลเด็กโรคหวัดและปอดบวม /^cกลุ่มงานโรคติดเชื้อเฉียบพลันระบบหายใจในเด็ก กองวัณโรค กรมควบคุมโรคติดต่อ
260    กรุงเทพฯ :^bโรงพิมพ์ชุมนุมสหกรณ์การเกษตรแห่งประเทศไทย,^c2542
300    73 หน้า ;^c30 ซม.
650  2 Pneumonia
650  2 Respiratory Tract Infection^xin infancy & childhood
650  7 หวัด
650  7 ปอดอักเสบ
650  7 ทางเดินอากาศหายใจ, การติดเชื้อ
710 2  กองวัณโรค. ^bกลุ่มงานโรคติดเชื้อเฉียบพลัน
945    ^p0^l0^i011549
945    ^p0^l0^i011550
995    ทศพร
999 ^a ใช้งานได้ทุกระบบ
รายการนี้ยังไม่มีแท็ก
คุณยังไม่ได้ล็อกอิน คุณสามารถมีกิจกรรมร่วมกับเว็บไซต์ได้ แต่ต้องล็อกอินก่อน ::
  ล็อกอิน

รายการสื่อสารสนเทศ

ลำดับที่ ประเภท เลขเรียก/บาร์โค้ด สถานที่ สถานะ
- ไม่พบข้อมูล -

รายการใกล้เคียง
    หัวเรื่อง [Pneumonia]
    หัวเรื่อง [หวัด]
    หัวเรื่อง [ปอดอักเสบ]
    หัวเรื่อง [ทางเดินอากาศหายใจ, การติดเชื้อ]

BibComment


ยังไม่เคยถูกคอมเมนท์

คอมเมนท์ทรัพยากรรายการนี้
  คอมเมนท์: การสำรวจความรู้แล..


 Copyright 2026. Bcnsprnw @Library